Komitmen Pegawai Kanan Perkhidmatan Kastam Terhadap Organisasi / (Record no. 4461)

000 -LEADER
fixed length control field nam a22 a 4500
005 - DATE AND TIME OF LATEST TRANSACTION
control field 20170530105000.0
008 - FIXED-LENGTH DATA ELEMENTS--GENERAL INFORMATION
fixed length control field 170530b1993 my ||||| |||| 00| 0 may d
040 ## - CATALOGING SOURCE
Original cataloging agency AKMAL
082 ## - DEWEY DECIMAL CLASSIFICATION NUMBER
Classification number 354.595007246 HAS
090 ## - LOCALLY ASSIGNED LC-TYPE CALL NUMBER (OCLC); LOCAL CALL NUMBER (RLIN)
Classification number (OCLC) (R) ; Classification number, CALL (RLIN) (NR) 354.595007246
Local cutter number (OCLC) ; Book number/undivided call number, CALL (RLIN) HAS
100 ## - MAIN ENTRY--PERSONAL NAME
Personal name Hassan bin Arshad
9 (RLIN) 8618
245 ## - TITLE STATEMENT
Title Komitmen Pegawai Kanan Perkhidmatan Kastam Terhadap Organisasi /
Statement of responsibility, etc. Hassan bin Arshad
260 ## - PUBLICATION, DISTRIBUTION, ETC.
Place of publication, distribution, etc. Malaysia :
Date of publication, distribution, etc. 1993
300 ## - PHYSICAL DESCRIPTION
Extent 197 ms
Dimensions cm
599 ## - LOCAL NOTE
Local Note DALAM PROSES
942 ## - ADDED ENTRY ELEMENTS (KOHA)
Source of classification or shelving scheme
Koha item type Book
Holdings
Withdrawn status Lost status Source of classification or shelving scheme Damaged status Not for loan Collection code Home library Current library Shelving location Date acquired Total Checkouts Full call number Barcode Date last seen Price effective from Koha item type
          NON-FICTION AKMAL Melaka AKMAL Melaka RUJUKAN 30.05.2017   354.595007246 HAS 201706858 30.05.2017 30.05.2017 Book
          NON-FICTION AKMAL Melaka AKMAL Melaka RUJUKAN 30.05.2017   354.595007246 HAS 201706859 30.05.2017 30.05.2017 Book
Pusat Sumber Maklumat Dato' Haji Sarmin Md Hussin, Akademi Kastam Diraja Malaysia, Melaka
Tel: 06-2331106 | Faks: 06-2313787